BTS Songs Emoji Quiz - Statistics

General Stats
  • This quiz has been taken 76 times
  • The average score is 21 of 38
Answer Stats
Hint Answer % Correct
πŸƒ Run
92%
πŸ©ΈπŸ’¦πŸ˜’ Blood Sweat & Tears
90%
πŸŒ™ Moon
89%
🧈 Butter
87%
β˜•οΈ Coffee
87%
🏊 SWIM
85%
πŸ¦‹ Butterfly
84%
πŸ”₯ Fire
84%
πŸ–€πŸ¦’ Black Swan
82%
🧬 DNA
81%
🏠 HOME
76%
🧨 Dynamite
71%
πŸ₯„ Silver Spoon
68%
🫳🎀 Mic Drop
65%
πŸƒπŸƒπŸƒπŸƒπŸƒπŸƒπŸƒ Run BTS
63%
⚠️ Danger
61%
πŸͺ„πŸ›οΈ Magic Shop
60%
βœ…πŸ’ƒ Permission to Dance
60%
🌧️ Rain
60%
πŸ’§ Tear
60%
πŸͺ½πŸͺ½ Wings
60%
πŸ’™πŸ©Ά Blue & Grey
56%
πŸπŸ‚ Autumn Leaves
52%
❌❀️ Fake Love
50%
πŸ”ŠπŸ’£ Louder than bombs
48%
πŸ•› Zero O’Clock
48%
βŒπŸ˜΄πŸ’­ No More Dream
45%
πŸ™ Please
45%
πŸ¦ΈπŸ‡―πŸ‡΅ Anpanman
42%
β˜€οΈ Into the Sun
35%
πŸ™οΈ Ma City
32%
🐢🐼🐝 Like Animals
26%
πŸ’‘πŸ’‘πŸ’‘ Lights
24%
🀰 MAMA
19%
🧍 Stay
13%
πŸ§πŸ… Stay Gold
13%
πŸ‘€πŸ—£οΈ Your eyes tell
10%
πŸ€βŒ Pied Piper
3%
No matching quizzes found
Score Distribution
Percent of People with Each Score
Percentile by Number Answered
Your Score History
You have not taken this quiz